000 00425nam a2200145 4500
001 112610
003 ES-MaACL
007 t|
008 061121s1944 sp r ||||1| spa d
245 0 0 _aNovelistas españoles contemporáneos
_b: (antología) /
_cJuan del Arco.
260 _aMadrid :
_bAldecoa,
_c1944.
300 _a439 p., 15 lám. ;
_c25 cm.
700 1 _aArco, Juan del.
_922502
852 _aES-MaACL
_jE-2075
_bR.23258
999 _c112610
_d112610